| 000 | 00555nam a2200145Ia 4500 | ||
|---|---|---|---|
| 008 | 190813s9999 xx 000 0 und d | ||
| 020 | _a9781138677661 | ||
| 100 | _aWright, Lisette. | ||
| 245 |
_cLisette Wright, S.M. Tobias, Angela Hickman.-- _aCoding and documentation for the ICD and DSM : _ba comprehensive guide for clinicians / |
||
| 260 |
_aNew York : _bRoutledge _c2017 |
||
| 300 | _a199 pages. | ||
| 500 | _aIncluded bibliographical references and index. | ||
| 650 | _aDiagnostic and statistical manual of mental disorders. | ||
| 650 | _aNosology. | ||
| 999 |
_c362045 _d362045 |
||